South India heritage : (Record no. 84067)
[ view plain ]
| 000 -LEADER | |
|---|---|
| fixed length control field | 00894nam a22002657a 4500 |
| 005 - DATE AND TIME OF LATEST TRANSACTION | |
| control field | 20141030172840.0 |
| 010 ## - LCCN (DPL NO) | |
| LC control number | ENG-109940 |
| 020 ## - INTERNATIONAL STANDARD BOOK NUMBER | |
| International Standard Book Number | 9788188661640 |
| Terms of availability | 695.00 |
| 035 ## - SYSTEM CONTROL NUMBER | |
| System control number | EN-93473 |
| 035 ## - SYSTEM CONTROL NUMBER | |
| System control number | B-535545-547 |
| 037 ## - SOURCE OF ACQUISITION | |
| Source of stock number/acquisition | DBAD/PUB |
| 037 ## - SOURCE OF ACQUISITION | |
| Source of stock number/acquisition | UBH/Ven |
| Stock number | dpl |
| 082 ## - DEWEY DECIMAL CLASSIFICATION NUMBER | |
| Classification number | 954.3 |
| 245 ## - TITLE STATEMENT | |
| Title | South India heritage : |
| Statement of responsibility, etc | edited by Prema Kasturi [and] G. Sundaram |
| Remainder of title | an introduction / |
| 250 ## - EDITION STATEMENT | |
| Edition statement | 2nd ed |
| 260 ## - PUBLICATION, DISTRIBUTION, ETC. (IMPRINT) | |
| Place of publication, distribution, etc | Chennai |
| Name of publisher, distributor, etc | East West |
| Date of publication, distribution, etc | 2012 |
| 260 ## - PUBLICATION, DISTRIBUTION, ETC. (IMPRINT) | |
| Place of publication, distribution, etc | Chennai |
| Name of publisher, distributor, etc | East West |
| Date of publication, distribution, etc | 2011 (bppd) |
| 270 ## - ADDRESS | |
| Address | Venkat Towers, 165, P.H. Maduravoyal |
| City | Chennai |
| Postal code | 600095 |
| 300 ## - PHYSICAL DESCRIPTION | |
| Extent | xxiv,620p. : |
| Dimensions | 24cm(pbk) |
| Other physical details | ill.,maps |
| 500 ## - GENERAL NOTE | |
| General note | Includes bibliographical references and index |
| 700 ## - ADDED ENTRY--PERSONAL NAME | |
| Personal name | Kasturi, Prema |
| 700 ## - ADDED ENTRY--PERSONAL NAME | |
| Personal name | Sundaram, G. |
| 942 ## - ADDED ENTRY ELEMENTS (KOHA) | |
| Source of classification or shelving scheme | Dewey Decimal Classification |
| Item type | English Books |
| Call number suffix | SOU |
| Classification part | 954.3 |
| Withdrawn status | Lost status | Not for loan | Collection code | Home library | Current library | Date acquired | Source of acquisition | Cost, normal purchase price | Full call number | Barcode | Copy number | Cost, replacement price | Koha item type |
|---|---|---|---|---|---|---|---|---|---|---|---|---|---|
| Non-fiction | Central Library | Central Library | 30/10/2014 | UBH/314/28.03.2014/148/25.03.2014/29.03.2014 | 695.00 | 954.3 SOU | B-535545 | 1 | 695.00 | English Books | |||
| Not For Loan | Reference | Central Library | Central Library | 30/10/2014 | UBH/314/28.03.2014/148/25.03.2014/29.03.2014 | 695.00 | 954.3 SOU | B-535546 | 1 | 695.00 | English Books | ||
| Not For Loan | Non-fiction | D.B.Act.Division | D.B.Act.Division | 08/05/2014 | DBAD / PUB | 975.00 | 954.3 SOU | EN-93473 | 1 | 975.00 | English Books | ||
| Non-fiction | Vinoba Puri | Vinoba Puri | 30/10/2014 | UBH/314/28.03.2014/148/25.03.2014/29.03.2014 | 695.00 | 954.3 SOU | B-535547 | 1 | 695.00 | English Books |
